| 000 | 00459nam a2200181Ia 4500 | ||
|---|---|---|---|
| 008 | 240925s9999 xx 000 0 und d | ||
| 020 | _a9788131505564 | ||
| 082 | _a658.022 GRE | ||
| 100 | _aGreene ,Cynthia L. | ||
| 245 | 0 | _aEntrepreneurship | |
| 250 | _aNA | ||
| 260 |
_aAustralia: _bCENGAGE Learning _c,2006. |
||
| 300 |
_axv,623p. _bN.A _fPhotocopy |
||
| 500 | _aIncludes Illustrations | ||
| 600 | _aManagement | ||
| 650 | _aManagement | ||
| 942 | _cBK | ||
| 999 |
_c11303 _d11303 |
||